New strategy of development in village India (Record no. 37396)

MARC details
000 -LEADER
fixed length control field 00381nam a2200133Ia 4500
082 ## - DEWEY DECIMAL CLASSIFICATION NUMBER
Classification number 338.22(1-2/3)
Item number BHA
100 ## - MAIN ENTRY--AUTHOR NAME
Personal name BHATTACHARYA, Vivek Ranjan
245 #0 - TITLE STATEMENT
Title New strategy of development in village India
260 ## - PUBLICATION, DISTRIBUTION, ETC. (IMPRINT)
Place of publication New Delhi
Name of publisher BV Gupta
Year of publication 1983
650 ## - SUBJECT ADDED ENTRY--TOPICAL TERM
Topical Term Labour minimum wages
650 ## - SUBJECT ADDED ENTRY--TOPICAL TERM
Topical Term Village development
942 ## - ADDED ENTRY ELEMENTS (KOHA)
Koha item type Books
Holdings
Withdrawn status Lost status Damaged status Not for loan Home library Current library Date acquired Full call number Accession Number Koha item type
        RRII Library RRII Library 16/12/2021 338.22(1-2/3) BHA 17781 Books